Countries by Capitals and Borders in 4 Minutes - Statistics

General Stats
  • This quiz has been taken 3,869 times
  • The average score is 137 of 157
Answers on the Map
Answers color-coded by a green-red scale on the quiz's map according to % correct below.
 
Answer Stats
Country % Correct
China
99%
France
99%
Mexico
99%
Poland
99%
Russia
99%
United States
99%
Belarus
98%
Brazil
98%
Canada
98%
Finland
98%
Germany
98%
Italy
98%
Kazakhstan
98%
Mongolia
98%
Myanmar
98%
North Korea
98%
Norway
98%
Spain
98%
Switzerland
98%
Ukraine
98%
Austria
97%
Azerbaijan
97%
Belgium
97%
Bolivia
97%
Colombia
97%
India
97%
Latvia
97%
Lithuania
97%
Nepal
97%
Netherlands
97%
Pakistan
97%
Peru
97%
Turkey
97%
United Kingdom
97%
Argentina
96%
Bhutan
96%
Bulgaria
96%
Czech Republic
96%
Egypt
96%
Estonia
96%
Georgia
96%
Greece
96%
Ireland
96%
Libya
96%
Suriname
96%
Denmark
95%
Hungary
95%
Iran
95%
Iraq
95%
Laos
95%
Paraguay
95%
Portugal
95%
Slovenia
95%
Sudan
95%
Sweden
95%
Uruguay
95%
Venezuela
95%
Afghanistan
94%
Chile
94%
Israel
94%
Luxembourg
94%
Macedonia
94%
Romania
94%
Saudi Arabia
94%
Serbia
94%
Guyana
93%
Jordan
93%
Malaysia
93%
Slovakia
93%
Algeria
92%
Botswana
92%
Morocco
92%
Mozambique
92%
Namibia
92%
South Africa
92%
Syria
92%
Zimbabwe
92%
Bangladesh
91%
Croatia
91%
Vietnam
91%
Albania
90%
Armenia
90%
Cambodia
90%
Indonesia
90%
Panama
90%
Tunisia
90%
Ecuador
89%
Ethiopia
89%
Guatemala
89%
Oman
89%
Swaziland
89%
Thailand
89%
United Arab Emirates
89%
Costa Rica
88%
Lesotho
88%
Somalia
88%
South Korea
88%
South Sudan
88%
Tajikistan
88%
Turkmenistan
88%
Kenya
87%
Kuwait
87%
Mauritania
87%
Montenegro
87%
Papua New Guinea
87%
Bosnia and Herzegovina
86%
Qatar
86%
Sri Lanka
86%
Tanzania
86%
East Timor
85%
Kyrgyzstan
85%
Mali
85%
Moldova
85%
Uganda
85%
Niger
84%
Belize
83%
Vatican City
83%
Yemen
83%
Andorra
82%
Honduras
82%
San Marino
82%
D. R. Congo
81%
Zambia
81%
Angola
80%
Central African Republic
79%
Djibouti
79%
El Salvador
79%
Eritrea
79%
Rep. of the Congo
79%
Kosovo
78%
Uzbekistan
78%
Guinea
77%
Chad
75%
Lebanon
74%
Rwanda
74%
Cameroon
72%
Côte d'Ivoire
72%
Dominican Republic
72%
Haiti
72%
Burkina Faso
71%
Burundi
71%
Senegal
70%
Benin
69%
Guinea-Bissau
69%
Nigeria
68%
Ghana
67%
Nicaragua
67%
Liberia
66%
Togo
66%
Sierra Leone
65%
Monaco
60%
Gabon
59%
Gambia
58%
Liechtenstein
57%
Malawi
53%
Equatorial Guinea
51%
Brunei
47%
No matching quizzes found
Score Distribution
Percent of People with Each Score
Percentile by Number Answered
Your Score History
You have not taken this quiz